[Event "5.liga SE-SI 2019/2020"]
[Site "?"]
[Date "2019.11.02"]
[Round "2.2"]
[White "Durec, Martin"]
[Black "Tutkova, Ludmila"]
[Result "0-1"]
[WhiteElo "1226"]
[BlackElo "1243"]
[PlyCount "52"]
[EventDate "2019.10.19"]
[WhiteTeam "Å O Spartak Myjava B"]
[BlackTeam "Å K Skalica D"]

1. e4 e5 2. Nf3 Nc6 3. Bc4 Bc5 4. c3 a5 5. d4 exd4 6. Nxd4 Nge7 7. Nxc6 bxc6 8.
Qh5 d5 9. exd5 cxd5 10. Bd3 Ng6 11. O-O Be6 12. Rd1 Qf6 13. Bb5+ Kf8 14. Rf1
Rb8 15. Bc6 Ne5 16. Ba4 Bg4 17. Qg5 Rb6 18. Bb3 Be2 19. Qxf6 Rxf6 20. Bg5 Rf5
21. Bh4 g5 22. Bc2 Nd3 23. Bxd3 Bxd3 24. Rd1 gxh4 25. Rxd3 Rxf2 26. Rh3 Rf5+
0-1

[Event "5.liga SE-SI 2019/2020"]
[Site "?"]
[Date "2019.11.02"]
[Round "2.2"]
[White "Krakovsky, Jakub"]
[Black "Belak, Michal"]
[Result "1-0"]
[WhiteElo "1225"]
[BlackElo "1279"]
[PlyCount "91"]
[EventDate "2019.10.19"]
[WhiteTeam "Å K Skalica D"]
[BlackTeam "Å O Spartak Myjava B"]

1. e4 e5 2. Nf3 Nc6 3. Bc4 h6 4. d3 Nf6 5. Nc3 Bb4 6. Bd2 O-O 7. Nd5 Nxd5 8.
Bxd5 Bxd2+ 9. Qxd2 d6 10. c3 Ne7 11. Bb3 Bg4 12. h3 Bh5 13. g4 Bg6 14. Nh4 Rb8
15. O-O-O b5 16. Nf5 c5 17. Nxe7+ Qxe7 18. Bd5 Rfc8 19. c4 a6 20. h4 b4 21. b3
a5 22. h5 Bh7 23. g5 Qxg5 24. Qxg5 hxg5 25. Rdg1 Kf8 26. Rxg5 Rc7 27. Rf1 Re8
28. f4 exf4 29. Rxf4 Ree7 30. Rh4 Red7 31. h6 g6 32. Rf4 Ra7 33. Rf6 Kg8 34. e5
dxe5 35. Rxe5 Rd8 36. Rc6 a4 37. Kb2 Ra5 38. Rc7 Rf8 39. Ree7 a3+ 40. Kc2 g5
41. Bxf7+ Kh8 42. Bd5 Rf2+ 43. Kd1 Rf1+ 44. Ke2 Bxd3+ 45. Kxd3 Rf3+ 46. Bxf3
1-0

[Event "5.liga SE-SI 2019/2020"]
[Site "?"]
[Date "2019.11.02"]
[Round "2.2"]
[White "Galik, Marcel"]
[Black "Tutka, Stepan"]
[Result "1-0"]
[WhiteElo "1000"]
[BlackElo "1081"]
[PlyCount "79"]
[EventDate "2019.10.19"]
[WhiteTeam "Å O Spartak Myjava B"]
[BlackTeam "Å K Skalica D"]

1. e4 e5 2. Nc3 Nf6 3. d3 Bb4 4. Bd2 d5 5. Nxd5 Bxd2+ 6. Qxd2 Nxd5 7. exd5 Qxd5
8. Ne2 O-O 9. Nc3 Qa5 10. g3 Bg4 11. Bg2 Nc6 12. Ne4 Qxd2+ 13. Nxd2 Nd4 14. Rc1
a5 15. f3 Be6 16. c3 Nf5 17. b3 b5 18. O-O Rad8 19. Rfe1 Rxd3 20. Nf1 f6 21. f4
Bd5 22. Bxd5+ Rxd5 23. Rcd1 Rxd1 24. Rxd1 exf4 25. gxf4 c5 26. Rd5 g6 27. Rxc5
Nd6 28. Rd5 Rd8 29. Ne3 h6 30. Kf2 Ne4+ 31. Kf3 Rxd5 32. Nxd5 f5 33. Ke3 g5 34.
c4 bxc4 35. bxc4 g4 36. Ne7+ Kf7 37. Nxf5 Nc5 38. Nxh6+ Ke6 39. Nxg4 Kf5 40.
Nf2 1-0

[Event "5.liga SE-SI 2019/2020"]
[Site "?"]
[Date "2019.11.02"]
[Round "2.2"]
[White "Krakovsky, Matej"]
[Black "Martis, Jan"]
[Result "0-1"]
[WhiteElo "1071"]
[BlackElo "1000"]
[PlyCount "65"]
[EventDate "2019.10.19"]
[WhiteTeam "Å K Skalica D"]
[BlackTeam "Å O Spartak Myjava B"]

1. e4 e5 2. Nf3 Nc6 3. Bc4 h6 4. c3 d6 5. h3 Nf6 6. d3 Be7 7. Nbd2 O-O 8. d4
exd4 9. cxd4 a6 10. O-O Nh7 11. d5 Ne5 12. Nxe5 dxe5 13. Nf3 Bd6 14. Re1 Kh8
15. b3 b5 16. Bf1 Re8 17. Nh2 f5 18. Bd3 f4 19. Ng4 Qh4 20. Bb2 h5 21. Nh2 Ng5
22. Nf3 Nxf3+ 23. Qxf3 g5 24. Be2 g4 25. Qxf4 Kg7 26. Qg3 Qxg3 27. fxg3 gxh3
28. gxh3 Bxh3 29. Bxh5 Rf8 30. g4 Rf3 31. Rac1 Raf8 32. Rc3 Bf1 33. Kh2 0-1

[Event "5.liga SE-SI 2019/2020"]
[Site "?"]
[Date "2019.11.02"]
[Round "2.3"]
[White "Klimes, Karel"]
[Black "Kanka, Tomas"]
[Result "1-0"]
[WhiteElo "1706"]
[BlackElo "1741"]
[PlyCount "103"]
[EventDate "2019.10.19"]
[WhiteTeam "Å K Å tefanov B"]
[BlackTeam "JabuÄ�a Petrova Ves - Gbely E"]

1. e4 e5 2. Nf3 Nc6 3. Bc4 Nf6 4. d3 Be7 5. Bg5 d6 6. c3 a6 7. Nbd2 O-O 8. Bb3
h6 9. Bh4 Bg4 10. O-O Nh7 11. Bxe7 Qxe7 12. h3 Bh5 13. Qe1 Ng5 14. Nh2 Kh8 15.
f4 exf4 16. Rxf4 Ne6 17. Rf2 Ne5 18. Qf1 c5 19. Nc4 Nxc4 20. Bxc4 b5 21. Bd5
Rab8 22. Qe1 b4 23. Nf1 bxc3 24. bxc3 Bg6 25. Rb1 Nc7 26. Bc4 f6 27. Rfb2 Rxb2
28. Rxb2 d5 29. Qg3 Bf7 30. Rb7 dxc4 31. Rxc7 Qe5 32. Qxe5 fxe5 33. Rxc5 cxd3
34. a3 Re8 35. Kf2 Bb3 36. Ke3 Bc2 37. Nd2 Re6 38. Nf3 Rg6 39. g4 h5 40. Nxe5
Re6 41. Nxd3 hxg4 42. hxg4 g6 43. Re5 Rc6 44. Kd4 Rd6+ 45. Rd5 Re6 46. g5 Kg7
47. e5 Bb3 48. Rd6 Re7 49. Rxa6 Rc7 50. Nc5 Bg8 51. Rd6 Kf8 52. Rd8+ 1-0

[Event "5.liga SE-SI 2019/2020"]
[Site "?"]
[Date "2019.11.02"]
[Round "2.3"]
[White "Kastler, Peter"]
[Black "Fajtakova, Silvia"]
[Result "1-0"]
[WhiteElo "1713"]
[BlackElo "1517"]
[PlyCount "111"]
[EventDate "2019.10.19"]
[WhiteTeam "JabuÄ�a Petrova Ves - Gbely E"]
[BlackTeam "Å K Å tefanov B"]

1. d4 d5 2. c4 c6 3. cxd5 cxd5 4. Nf3 e6 5. e3 Nf6 6. Nc3 Bd7 7. Ne5 Bb4 8. Bd2
O-O 9. Nxd7 Nbxd7 10. Bd3 Rc8 11. O-O e5 12. Bf5 e4 13. Qb3 Bxc3 14. Bxc3 Rb8
15. Rac1 Qb6 16. Qa4 Qc6 17. Qxc6 bxc6 18. Rc2 Rfc8 19. Rfc1 Rb6 20. a3 Kf8 21.
Bb4+ Ke8 22. Ba5 Ra6 23. Bb4 Rb6 24. g3 g6 25. Bh3 Ng8 26. Ba5 Rbb8 27. Bf1 Nb6
28. Rxc6 Ne7 29. Rxc8+ Rxc8 30. Rxc8+ Nexc8 31. Bxb6 Nxb6 32. Be2 Kd7 33. Kf1
Kc6 34. b3 Nd7 35. Ke1 Kb6 36. Kd2 Ka5 37. Kc3 Nb6 38. a4 Nd7 39. Bb5 Nf6 40.
b4+ Kb6 41. Be2 a5 42. h3 h5 43. b5 g5 44. g4 h4 45. Kd2 Ne8 46. Bd1 Nd6 47.
Bb3 f5 48. gxf5 g4 49. Ke2 g3 50. fxg3 hxg3 51. f6 Nf5 52. f7 g2 53. Kf2 Nxe3
54. f8=Q Ng4+ 55. hxg4 e3+ 56. Kxg2 1-0

[Event "5.liga SE-SI 2019/2020"]
[Site "?"]
[Date "2019.11.02"]
[Round "2.3"]
[White "Novomeska, Karin"]
[Black "Mraz, Jan"]
[Result "1/2-1/2"]
[WhiteElo "1315"]
[BlackElo "1661"]
[PlyCount "93"]
[EventDate "2019.10.19"]
[WhiteTeam "Å K Å tefanov B"]
[BlackTeam "JabuÄ�a Petrova Ves - Gbely E"]

1. d4 b6 2. c4 Bb7 3. Nc3 g6 4. Nf3 Bg7 5. e3 e6 6. b3 Ne7 7. Be2 d6 8. Bb2 Nd7
9. O-O O-O 10. Nd2 a6 11. Bf3 Bxf3 12. Nxf3 Rc8 13. Ne2 c5 14. Qd2 Nf6 15. Rad1
d5 16. dxc5 bxc5 17. Qc3 Nf5 18. Ng3 Ne4 19. Qc2 Bxb2 20. Qxb2 Nexg3 21. hxg3
f6 22. e4 Ne7 23. exd5 exd5 24. cxd5 Qd6 25. Rfe1 Nxd5 26. Qd2 Rfd8 27. Qd3 Rd7
28. Rd2 Rcd8 29. Red1 Qc6 30. Qc4 Kg7 31. Rd3 g5 32. Rd4 Qd6 33. R4d3 Qe6 34.
Re1 Qf5 35. Qe4 Qxe4 36. Rxe4 Nb4 37. Rxd7+ Rxd7 38. Rc4 Nxa2 39. Rxc5 Rb7 40.
Ra5 Nb4 41. Nd4 Rb6 42. f3 Kf7 43. Kf2 Nd3+ 44. Ke2 Nc1+ 45. Kf2 Rd6 46. Ra4
Nd3+ 47. Ke2 1/2-1/2

[Event "5.liga SE-SI 2019/2020"]
[Site "?"]
[Date "2019.11.02"]
[Round "2.3"]
[White "Papanek, Lubomir"]
[Black "Tomasovic, Pavol"]
[Result "1-0"]
[WhiteElo "1583"]
[BlackElo "1260"]
[PlyCount "113"]
[EventDate "2019.10.19"]
[WhiteTeam "JabuÄ�a Petrova Ves - Gbely E"]
[BlackTeam "Å K Å tefanov B"]

1. e4 e6 2. d4 d5 3. Nc3 Bb4 4. e5 c5 5. a3 Bxc3+ 6. bxc3 b6 7. Bb5+ Bd7 8.
Bxd7+ Nxd7 9. Nf3 Ne7 10. Bg5 O-O 11. O-O f6 12. exf6 Nxf6 13. Bxf6 Rxf6 14.
Qe2 Qd6 15. Qe5 Qxe5 16. Nxe5 Ng6 17. f3 Nxe5 18. dxe5 Rf5 19. Rfe1 Raf8 20.
Re3 h5 21. c4 d4 22. Re4 Rf4 23. Rxf4 Rxf4 24. Re1 g5 25. Kf2 g4 26. Kg3 Rf5
27. f4 Kg7 28. Rd1 Kg6 29. a4 Rf7 30. Re1 Rd7 31. Kf2 Kf5 32. g3 d3 33. c3 d2
34. Rd1 Rd3 35. Ke2 Rxc3 36. Rxd2 Rxc4 37. Rd8 Rxa4 38. Rf8+ Ke4 39. Rd8 Ra2+
40. Ke1 Rxh2 41. Rd6 Kf5 42. Rd7 c4 43. Rxa7 c3 44. Kd1 b5 45. Ra3 b4 46. Rb3
Rb2 47. Rxb2 cxb2 48. Kc2 Ke4 49. Kxb2 Kf3 50. f5 exf5 51. e6 h4 52. e7 hxg3
53. e8=Q g2 54. Qe1 g3 55. Kc2 Kg4 56. Qe2+ Kh3 57. Qh5# 1-0

[Event "5.liga SE-SI 2019/2020"]
[Site "?"]
[Date "2019.11.02"]
[Round "2.4"]
[White "Drozd, Jan"]
[Black "Stasek, Daniel"]
[Result "0-1"]
[WhiteElo "1513"]
[BlackElo "1621"]
[PlyCount "98"]
[EventDate "2019.10.19"]
[WhiteTeam "CVÄŒ Senica C"]
[BlackTeam "Å achovÃ½ klub HolÃ­Ä� C"]

1. e4 e6 2. d4 d5 3. Nc3 Nf6 4. Bg5 Be7 5. e5 Nfd7 6. Bxe7 Qxe7 7. Nf3 a6 8. a3
c5 9. Ne2 cxd4 10. Nexd4 O-O 11. Bd3 f6 12. Qe2 fxe5 13. Nxe5 Qf6 14. Nxd7 Nxd7
15. Qxe6+ Qxe6+ 16. Nxe6 Re8 17. O-O Rxe6 18. f4 Nc5 19. Rad1 Nxd3 20. Rxd3 Bd7
21. Rxd5 Bc6 22. Rd2 Rae8 23. Rff2 Re1+ 24. Rf1 R8e2 25. Rxe2 Rxe2 26. Rf2 Re1+
27. Rf1 Rxf1+ 28. Kxf1 Be4 29. c3 Bd3+ 30. Kf2 a5 31. b4 axb4 32. axb4 b5 33.
Ke3 Bc4 34. g4 Kf7 35. h4 Ke6 36. Kd4 h5 37. g5 Kf5 38. Ke3 Bb3 39. Kf3 g6 40.
Ke3 Kg4 41. Ke4 Bc2+ 42. Ke5 Bd3 43. Kd4 Bc4 44. Ke5 Kg3 45. f5 gxf5 46. Kxf5
Kxh4 47. Kf6 Kg4 48. g6 h4 49. g7 h3 0-1

[Event "5.liga SE-SI 2019/2020"]
[Site "?"]
[Date "2019.11.02"]
[Round "2.4"]
[White "Svrcek, Daniel"]
[Black "Valent, Tomas"]
[Result "1-0"]
[WhiteElo "1426"]
[BlackElo "1352"]
[PlyCount "49"]
[EventDate "2019.10.19"]
[WhiteTeam "Å achovÃ½ klub HolÃ­Ä� C"]
[BlackTeam "CVÄŒ Senica C"]

1. e4 c5 2. Nf3 Nc6 3. d4 e6 4. Bb5 Qa5+ 5. Nc3 cxd4 6. Nxd4 Bb4 7. Nxc6 bxc6
8. Bd3 Bxc3+ 9. bxc3 Qxc3+ 10. Bd2 Qc5 11. Qg4 Qe5 12. O-O Ne7 13. Bf4 Qd4 14.
Be3 Qc3 15. f4 Ba6 16. Rad1 Ng6 17. Bd2 Qd4+ 18. Kh1 Bxd3 19. cxd3 Qxd3 20. f5
Ne7 21. fxe6 fxe6 22. Qxg7 Rg8 23. Qf7+ Kd8 24. Ba5+ Kc8 25. Rxd3 1-0

[Event "5.liga SE-SI 2019/2020"]
[Site "?"]
[Date "2019.11.02"]
[Round "2.4"]
[White "Nater, Nikolas"]
[Black "Sefcik, Oliver"]
[Result "1-0"]
[WhiteElo "1269"]
[BlackElo "1204"]
[PlyCount "51"]
[EventDate "2019.10.19"]
[WhiteTeam "CVÄŒ Senica C"]
[BlackTeam "Å achovÃ½ klub HolÃ­Ä� C"]

1. e4 e6 2. Nc3 d5 3. exd5 exd5 4. d4 c6 5. Bf4 Bd6 6. Bxd6 Qxd6 7. Bd3 Nf6 8.
Nf3 O-O 9. Qd2 Re8+ 10. Ne5 Ng4 11. O-O-O Nxe5 12. dxe5 Rxe5 13. Rhe1 Be6 14.
f4 Rxe1 15. Rxe1 f6 16. g3 Nd7 17. Re3 d4 18. Re1 dxc3 19. Bxh7+ Kxh7 20. Qxd6
cxb2+ 21. Kxb2 Nf8 22. Rxe6 Nxe6 23. Qxe6 Rd8 24. h4 Rd2 25. Kc3 Rg2 26. Qe4+
1-0

[Event "5.liga SE-SI 2019/2020"]
[Site "?"]
[Date "2019.11.02"]
[Round "2.4"]
[White "Matula, Tomas"]
[Black "Kaufmanova, Karin"]
[Result "1-0"]
[WhiteElo "1000"]
[BlackElo "1134"]
[PlyCount "83"]
[EventDate "2019.10.19"]
[WhiteTeam "Å achovÃ½ klub HolÃ­Ä� C"]
[BlackTeam "CVÄŒ Senica C"]

1. e4 e5 2. Nf3 Nc6 3. Bb5 d6 4. Nc3 Nf6 5. d3 Bg4 6. h3 Bh5 7. b3 d5 8. Bxc6+
bxc6 9. g4 Bg6 10. Nxe5 c5 11. Bb2 d4 12. Na4 Bd6 13. Nc4 O-O 14. Ba3 Re8 15.
Nxc5 Bxc5 16. Bxc5 Rb8 17. f3 Rb5 18. Ba3 c5 19. Qd2 Qc7 20. Qh2 Qe7 21. Nd6
Qd8 22. Nxb5 Qa5+ 23. Qd2 Qxb5 24. O-O-O a5 25. Qg5 a4 26. Qxc5 Qxc5 27. Bxc5
Nd7 28. Bxd4 axb3 29. axb3 Nf6 30. f4 Rd8 31. Bb6 Rd6 32. Bc7 Rc6 33. Be5 Re6
34. Kb2 Rc6 35. Ra1 h6 36. Ra8+ Kh7 37. Rb8 Nd7 38. Rd8 Nxe5 39. Ra1 f6 40.
Raa8 Nf7 41. Re8 Nd6 42. Rh8# 1-0

[Event "5.liga SE-SI 2019/2020"]
[Site "?"]
[Date "2019.11.02"]
[Round "2.4"]
[White "Kaufman, Roman"]
[Black "Sefcik, Marek"]
[Result "1-0"]
[WhiteElo "1000"]
[BlackElo "1060"]
[PlyCount "67"]
[EventDate "2019.10.19"]
[WhiteTeam "CVÄŒ Senica C"]
[BlackTeam "Å achovÃ½ klub HolÃ­Ä� C"]

1. e4 e5 2. Nf3 Nc6 3. Bc4 Bc5 4. d3 h6 5. Nbd2 Nf6 6. Nb3 Bb6 7. d4 Nxe4 8.
Nxe5 Nd6 9. O-O f6 10. Qh5+ Kf8 11. Nf7 Qe7 12. Nxh8 Nxc4 13. Ng6+ Kf7 14.
Nxe7+ Kxe7 15. Re1+ Kd6 16. Bf4+ N6e5 17. dxe5+ Kc6 18. Qf3+ d5 19. Rad1 Be6
20. Nd4+ Bxd4 21. Rxd4 f5 22. Rxc4+ Kd7 23. Rd1 c6 24. Qg3 g5 25. Qb3 b5 26.
Be3 f4 27. Bc5 Ke8 28. Rcd4 Kf7 29. Qd3 Kg7 30. a4 a6 31. Be7 Rh8 32. Bf6+ Kf7
33. Bxh8 c5 34. Qh7+ 1-0

[Event "5.liga SE-SI 2019/2020"]
[Site "?"]
[Date "2019.11.23"]
[Round "3.1"]
[White "Svrcek, Daniel"]
[Black "Hyza, Richard"]
[Result "1-0"]
[WhiteElo "1426"]
[BlackElo "1221"]
[PlyCount "93"]
[EventDate "2019.10.19"]
[WhiteTeam "Šachový klub Holíè C"]
[BlackTeam "ŠK Nafta Gbely D"]

1. e4 Nf6 2. d3 d5 3. exd5 Nxd5 4. g3 Nc6 5. Bg2 g6 6. c3 Bf5 7. Qb3 Nb6 8. d4
Na5 9. Qb5+ Nc6 10. Bxc6+ bxc6 11. Qxc6+ Bd7 12. Qe4 Bg7 13. Bf4 Bb5 14. Na3
Bd7 15. Nf3 f5 16. Qe3 Bc6 17. O-O-O O-O 18. Qe6+ Kh8 19. Qxc6 Nd5 20. Be5 Kg8
21. Qe6+ Kh8 22. Bxg7+ Kxg7 23. Qe5+ Kg8 24. Qe6+ Kh8 25. Ng5 Nf6 26. Rhe1 Ne4
27. Qe5+ Kg8 28. Ne6 Rf7 29. Nxd8 Rxd8 30. Qxc7 Re8 31. f3 e6 32. Qc6 Nf2 33.
Qxe8+ Kg7 34. Qxe6 Nxd1 35. Kxd1 Rb7 36. Qe7+ Rxe7 37. Rxe7+ Kh6 38. d5 Kg5 39.
d6 h5 40. d7 h4 41. gxh4+ Kxh4 42. d8=Q Kh3 43. Rh7+ Kg2 44. Qd2+ Kxf3 45. Rh4
g5 46. Qxg5 a6 47. Qg3# 1-0

[Event "5.liga SE-SI 2019/2020"]
[Site "?"]
[Date "2019.11.23"]
[Round "3.1"]
[White "Ralbovsky, Dominik"]
[Black "Sefcik, Oliver"]
[Result "1/2-1/2"]
[WhiteElo "1116"]
[BlackElo "1204"]
[PlyCount "65"]
[EventDate "2019.10.19"]
[WhiteTeam "ŠK Nafta Gbely D"]
[BlackTeam "Šachový klub Holíè C"]

1. g3 d5 2. Nf3 Bf5 3. Bg2 e6 4. Nc3 Nf6 5. a3 c5 6. d4 Nc6 7. e3 Qb6 8. Ne2
Be7 9. O-O O-O 10. c3 Ne4 11. Kh1 Bg4 12. h3 Bf5 13. g4 Bg6 14. h4 h6 15. Ng3
Qd8 16. h5 Bh7 17. Nxe4 Bxe4 18. dxc5 Bxc5 19. Nd4 Bxg2+ 20. Kxg2 Nxd4 21. cxd4
Bd6 22. f4 f5 23. b4 Qh4 24. gxf5 Rxf5 25. Rh1 Qf6 26. Ra2 g5 27. hxg6 Qxg6+
28. Kf1 Kh8 29. Rg2 Qh7 30. Qa4 Rff8 31. Rgh2 Rf6 32. Ke2 Rc8 33. Bd2 1/2-1/2

[Event "5.liga SE-SI 2019/2020"]
[Site "?"]
[Date "2019.11.23"]
[Round "3.1"]
[White "Sladek, Michal"]
[Black "Lanza, Matej"]
[Result "1-0"]
[WhiteElo "1353"]
[BlackElo "1000"]
[PlyCount "67"]
[EventDate "2019.10.19"]
[WhiteTeam "Šachový klub Holíè C"]
[BlackTeam "ŠK Nafta Gbely D"]

1. e4 e5 2. Nf3 Nc6 3. Bc4 h6 4. d3 Nf6 5. h3 Bc5 6. Nc3 d6 7. Qe2 O-O 8. a3
Qe7 9. Bd5 Be6 10. g4 Qd7 11. Bxe6 Qxe6 12. g5 hxg5 13. Bxg5 Nh5 14. Nd2 Nf4
15. Bxf4 exf4 16. O-O-O Nd4 17. Qg4 Qxg4 18. hxg4 Ne6 19. f3 Ng5 20. Nd5 f6 21.
Nxf4 Be3 22. Nd5 Bxd2+ 23. Rxd2 Nxf3 24. Rf2 Ne5 25. Nxc7 Nxg4 26. Rg2 Ne3 27.
Re2 Rac8 28. Ne6 Rfe8 29. Nd4 Ng4 30. Rg2 Ne5 31. Rh3 Kf7 32. Nf5 Re6 33. Rxg7+
Kf8 34. Rh8# 1-0

[Event "5.liga SE-SI 2019/2020"]
[Site "?"]
[Date "2019.11.23"]
[Round "3.1"]
[White "Hyza, Michal"]
[Black "Matula, Tomas"]
[Result "1/2-1/2"]
[WhiteElo "1000"]
[BlackElo "1000"]
[PlyCount "102"]
[EventDate "2019.10.19"]
[WhiteTeam "ŠK Nafta Gbely D"]
[BlackTeam "Šachový klub Holíè C"]

1. e4 c5 2. Bc4 Nc6 3. Qh5 g6 4. Qxc5 d6 5. Qe3 Bg7 6. Qf3 Ne5 7. Qd1 Nxc4 8.
d3 Nxb2 9. Qd2 Na4 10. c3 Qc7 11. Bb2 b5 12. a3 a5 13. Ra2 Be6 14. c4 Bxb2 15.
Nf3 bxc4 16. Qc2 Bc3+ 17. Nxc3 cxd3 18. Qxa4+ Bd7 19. Qd4 Nf6 20. Qxd3 Rc8 21.
Rc2 Nxe4 22. Qd4 e5 23. Qd3 Nxc3 24. O-O Bf5 25. Qxc3 Qxc3 26. Rxc3 Rxc3 27.
Nd2 O-O 28. h3 Rfc8 29. a4 Bd3 30. Re1 Rc1 31. Rxc1 Rxc1+ 32. Kh2 Rc2 33. Nb3
Rxf2 34. Nxa5 Kg7 35. Kg3 Rf1 36. Nb3 Kh6 37. Nd2 Rf4 38. a5 Kg5 39. Nf3+ Kf5
40. Nh4+ Ke4 41. a6 Bxa6 42. Nf3 d5 43. Nd2+ Kf5 44. Nf3 d4 45. Nh4+ Rxh4 46.
Kxh4 d3 47. Kg3 d2 48. Kf2 d1=Q 49. Kg3 Qf1 50. Kh4 Qf4+ 51. g4+ Kf6 1/2-1/2

[Event "5.liga SE-SI 2019/2020"]
[Site "?"]
[Date "2019.11.23"]
[Round "3.1"]
[White "Zurek, Jakub"]
[Black "Fikarova, Monika"]
[Result "1-0"]
[WhiteElo "1000"]
[BlackElo "1000"]
[PlyCount "51"]
[EventDate "2019.10.19"]
[WhiteTeam "Šachový klub Holíè C"]
[BlackTeam "ŠK Nafta Gbely D"]

1. e4 e5 2. d3 Nf6 3. Be2 Be7 4. Nf3 O-O 5. O-O d6 6. Be3 Bg4 7. Nc3 Nc6 8. Qd2
Qd7 9. Rad1 Bxf3 10. Bxf3 Rad8 11. Rfe1 Qe6 12. Nd5 Nxd5 13. exd5 Qd7 14. dxc6
bxc6 15. Re2 a6 16. Rde1 Ra8 17. Bg5 f6 18. Bh4 c5 19. Bd5+ Kh8 20. Bxa8 Rxa8
21. Qe3 Kg8 22. Qe4 Rb8 23. Re3 Rxb2 24. Rg3 Rxa2 25. Qd5+ Qe6 26. Qxe6+ 1-0

[Event "5.liga SE-SI 2019/2020"]
[Site "?"]
[Date "2019.11.23"]
[Round "3.2"]
[White "Kanka, Tomas"]
[Black "Hrdlicka, Martin"]
[Result "0-1"]
[WhiteElo "1741"]
[BlackElo "1685"]
[PlyCount "70"]
[EventDate "2019.10.19"]
[WhiteTeam "JabuÄ�a Petrova Ves - Gbely E"]
[BlackTeam "CVÄŒ Senica C"]

1. e4 e5 2. Nf3 Nc6 3. Bc4 Bc5 4. b4 Bxb4 5. c3 Bc5 6. d4 exd4 7. O-O d6 8.
cxd4 Bb6 9. Qb3 Qe7 10. Bb5 Bd7 11. Qa4 Nf6 12. e5 dxe5 13. Ba3 Qe6 14. dxe5
Nxe5 15. Nbd2 Nxf3+ 16. Nxf3 O-O-O 17. Rfe1 Qf5 18. Re5 Qg4 19. Bxd7+ Rxd7 20.
Qc2 Qf4 21. Bc1 Qb4 22. a4 Rhd8 23. Ba3 Qf4 24. Rae1 Ng4 25. Rf5 Bxf2+ 26. Kf1
Ne3+ 27. Kxf2 Nxf5 28. Bc1 Qg4 29. h3 Qg3+ 30. Kf1 Nd4 31. Nxd4 Rxd4 32. Qc5
Rd1 33. Rxd1 Rxd1+ 34. Ke2 Qd3+ 35. Kf2 Rf1# 0-1

[Event "5.liga SE-SI 2019/2020"]
[Site "?"]
[Date "2019.11.23"]
[Round "3.2"]
[White "Kaufman, Robert"]
[Black "Kastler, Peter"]
[Result "1-0"]
[WhiteElo "1366"]
[BlackElo "1713"]
[PlyCount "91"]
[EventDate "2019.10.19"]
[WhiteTeam "CVÄŒ Senica C"]
[BlackTeam "JabuÄ�a Petrova Ves - Gbely E"]

1. e4 e6 2. d4 d5 3. e5 c5 4. c3 Qb6 5. Nf3 Nc6 6. Be2 cxd4 7. cxd4 Bb4+ 8. Nc3
Nge7 9. O-O Nf5 10. Be3 Bd7 11. Nb5 O-O 12. Ng5 a6 13. Nd6 Bxd6 14. exd6 Nxd6
15. Bd3 g6 16. Qg4 Kg7 17. Qh4 Rh8 18. Nf3 Qd8 19. Bh6+ Kg8 20. Bg5 Qf8 21. Bf6
Re8 22. Bxh8 Kxh8 23. Qf6+ Kg8 24. Ne5 Bc8 25. Rac1 Ne7 26. Rc7 Qg7 27. Qxg7+
Kxg7 28. Nd7 Nc6 29. Nb6 Nxd4 30. Rfc1 Nc6 31. Nxc8 Nxc8 32. Bxa6 N8e7 33. Bxb7
Na5 34. Ba6 Kf6 35. b4 Ra8 36. bxa5 Rxa6 37. R1c5 Nf5 38. R7c6 Ra7 39. a6 Nd4
40. Rb6 Nf5 41. Ra5 Ne7 42. Rb7 Ra8 43. a7 Nc6 44. Ra6 Rc8 45. a8=Q Nb8 46. Rb1
1-0

[Event "5.liga SE-SI 2019/2020"]
[Site "?"]
[Date "2019.11.23"]
[Round "3.2"]
[White "Mraz, Jan"]
[Black "Oslej, Marek"]
[Result "1-0"]
[WhiteElo "1661"]
[BlackElo "1245"]
[PlyCount "69"]
[EventDate "2019.10.19"]
[WhiteTeam "JabuÄ�a Petrova Ves - Gbely E"]
[BlackTeam "CVÄŒ Senica C"]

1. d4 d5 2. e3 Bf5 3. b3 Nf6 4. c4 e6 5. Nc3 c5 6. Nf3 Nbd7 7. Bd2 Be7 8. h3 a6
9. Be2 O-O 10. Rc1 Bd6 11. O-O Re8 12. Nh4 Bg6 13. Nxg6 fxg6 14. Rc2 b6 15. Bf3
cxd4 16. exd4 Bb4 17. cxd5 e5 18. d6 Rb8 19. Nd5 Bxd2 20. Qxd2 Nxd5 21. Bxd5+
Kh8 22. Rfc1 Nf6 23. Bc6 Rf8 24. dxe5 Nh5 25. e6 Qh4 26. e7 Nf4 27. exf8=Q+
Rxf8 28. Rc3 g5 29. Bb7 g4 30. Rc8 Nxh3+ 31. gxh3 h6 32. Rxf8+ Kh7 33. Qc2+ g6
34. Qc7+ Qe7 35. Qxe7# 1-0

[Event "5.liga SE-SI 2019/2020"]
[Site "?"]
[Date "2019.11.23"]
[Round "3.2"]
[White "Babic, Patrik"]
[Black "Papanek, Lubomir"]
[Result "1-0"]
[WhiteElo "1000"]
[BlackElo "1583"]
[PlyCount "119"]
[EventDate "2019.10.19"]
[WhiteTeam "CVÄŒ Senica C"]
[BlackTeam "JabuÄ�a Petrova Ves - Gbely E"]

1. e4 c5 2. Nf3 Nc6 3. d4 cxd4 4. Nxd4 e5 5. Nb5 d6 6. Nd2 a6 7. Nc3 Nf6 8. b3
Be7 9. Bb2 O-O 10. h3 Qc7 11. Qf3 Bd7 12. Bd3 Nb4 13. O-O-O Bc6 14. Kb1 Rad8
15. Be2 d5 16. exd5 Nbxd5 17. Qg3 Bd6 18. Nce4 Nxe4 19. Nxe4 f6 20. c4 Nf4 21.
Bf3 Be7 22. h4 Rxd1+ 23. Rxd1 Rd8 24. Rh1 Rd3 25. Re1 Qa5 26. Re3 Bxe4 27. Rxe4
Qd8 28. Rxf4 Rd1+ 29. Bxd1 Qxd1+ 30. Bc1 Ba3 31. Qc3 exf4 32. Qd2 Qxc1+ 33.
Qxc1 Bxc1 34. Kxc1 Kf7 35. Kd2 Ke6 36. f3 f5 37. Kd3 Ke5 38. b4 g6 39. a4 h6
40. a5 g5 41. b5 axb5 42. cxb5 Kd5 43. a6 bxa6 44. bxa6 Kc6 45. Kd4 Kb6 46. Ke5
Kxa6 47. Kxf5 gxh4 48. Kxf4 h3 49. gxh3 Kb6 50. Kf5 Kc6 51. Kg6 Kd6 52. f4 Ke7
53. f5 Kf8 54. Kxh6 Kf7 55. Kg5 Kg7 56. f6+ Kf7 57. h4 Kf8 58. Kg6 Kg8 59. f7+
Kf8 60. h5 1-0

[Event "5.liga SE-SI 2019/2020"]
[Site "?"]
[Date "2019.11.23"]
[Round "3.2"]
[White "Ralbovsky, Milan"]
[Black "Kaufman, Roman"]
[Result "0-1"]
[WhiteElo "1271"]
[BlackElo "1000"]
[PlyCount "56"]
[EventDate "2019.10.19"]
[WhiteTeam "JabuÄ�a Petrova Ves - Gbely E"]
[BlackTeam "CVÄŒ Senica C"]

1. e4 e5 2. Nf3 Nc6 3. Bb5 d6 4. O-O Bg4 5. Nc3 a6 6. Ba4 b5 7. Bb3 Nd4 8. h3
Nxf3+ 9. gxf3 Bh5 10. d3 Be7 11. Kh2 Bg5 12. Rg1 Bf4+ 13. Bxf4 exf4 14. Rxg7
Qh4 15. Qg1 O-O-O 16. Bxf7 Nf6 17. Bxh5 Qxh5 18. Qg2 Rhg8 19. Rg1 Rxg7 20. Qxg7
Qxf3 21. Qxf6 Qxf2+ 22. Rg2 Qf1 23. Qh4 f3 24. Rf2 Qc1 25. Qg4+ Kb7 26. Qxf3
Rg8 27. Nd1 Qg5 28. Ne3 Qg1# 0-1

[Event "5.liga SE-SI 2019/2020"]
[Site "?"]
[Date "2019.11.23"]
[Round "3.3"]
[White "Knapek, Adrian"]
[Black "Wallner, Juraj"]
[Result "0-1"]
[WhiteElo "1491"]
[BlackElo "1578"]
[PlyCount "56"]
[EventDate "2019.10.19"]
[WhiteTeam "Å O Spartak Myjava B"]
[BlackTeam "Å K Å tefanov B"]

1. e4 c5 2. Nf3 e6 3. d3 Be7 4. Nc3 Nf6 5. g3 d5 6. exd5 exd5 7. Bg2 Nc6 8. O-O
O-O 9. Bf4 Bd6 10. Bxd6 Qxd6 11. Qd2 Be6 12. Ne2 Rad8 13. Nf4 Rfe8 14. Rfe1 h6
15. Nxe6 fxe6 16. d4 cxd4 17. Nxd4 e5 18. Nxc6 bxc6 19. Qa5 Re7 20. Re3 Rb8 21.
b3 e4 22. Rd1 d4 23. f3 Rb5 24. Qa4 Rd5 25. fxe4 dxe3 26. exd5 e2 27. Re1 Qc5+
28. Kh1 Qc3 0-1

[Event "5.liga SE-SI 2019/2020"]
[Site "?"]
[Date "2019.11.23"]
[Round "3.3"]
[White "Novomeska, Karin"]
[Black "Stachovic, Jozef"]
[Result "1-0"]
[WhiteElo "1315"]
[BlackElo "1599"]
[PlyCount "66"]
[EventDate "2019.10.19"]
[WhiteTeam "Å K Å tefanov B"]
[BlackTeam "Å O Spartak Myjava B"]

1. d4 e6 2. c4 Nf6 3. Nc3 Bb4 4. Bg5 h6 5. Bxf6 Qxf6 6. Nf3 d6 7. a3 Bxc3+ 8.
bxc3 b6 9. e4 O-O 10. Bd3 Bb7 11. O-O Nd7 12. Re1 Qd8 13. Qe2 e5 14. Rad1 Qe7
15. Bc2 Ba6 16. Ba4 Nf6 17. Bc6 Rab8 18. d5 Bb7 19. Bxb7 Rxb7 20. Rd2 Nd7 21.
Rb1 Nc5 22. Ne1 f5 23. exf5 Rxf5 24. Nd3 Nd7 25. Nb4 Qf6 26. Nc6 Nb8 27. Na5
Qf8 28. Nxb7 Qc8 29. Qg4 Rf8 30. Qxc8 Rxc8 31. c5 dxc5 32. d6 cxd6 33. Nxd6 Nc6
1-0